[Event "Mädchen-Grand-Prix Finale 2017"]
[Site "Erfurt GER"]
[Date "2017.08.05"]
[Round "3"]
[White "Alferova, Ekaterina"]
[Black "Mundt, Alexandra"]
[Result "1/2-1/2"]
[Termination "normal"]
[Board "3"]
[WhiteElo "1515"]
[BlackElo "1563"]
[PlyCount "48"]
[WhiteFideId "16217250"]
[BlackFideId "16217276"]
[EventCountry "GER"]
[EventRounds "5"]
[EventType "round robin"]
[EventDate "2017.08.04"]

1. d4 d5 2. c4 e5 3. e3 e4 4. Nc3 Nf6 5. cxd5 Nbd7 6. Nge2 Bb4 7. a3 Bxc3+ 8.
Nxc3 Nb6 9. Bb5+ Bd7 10. Bxd7+ Qxd7 11. Bd2 Nbxd5 12. Nxd5 Qxd5 13. O-O O-O 14.
Rc1 c6 15. Rc5 Qd6 16. Bb4 Qd7 17. Re5 Rfe8 18. Qc2 Qc7 19. Rxe8+ Rxe8 20. h3
Nd5 21. Qc5 b6 22. Qd6 Qc8 23. Rc1 Nxb4 24. Qxb4 Qb7 1/2-1/2

[Event "Mädchen-Grand-Prix Finale 2017"]
[Site "Erfurt GER"]
[Date "2017.08.05"]
[Round "3"]
[White "Habersetzer, Elyse"]
[Black "Evering, Kira"]
[Result "1-0"]
[Termination "normal"]
[Board "4"]
[WhiteElo "1631"]
[BlackElo "1278"]
[PlyCount "59"]
[WhiteFideId "16222288"]
[BlackFideId "16218221"]
[EventCountry "GER"]
[EventRounds "5"]
[EventType "round robin"]
[EventDate "2017.08.04"]

1. d4 Nf6 2. e3 d5 3. f4 Bf5 4. Nf3 Ne4 5. Nbd2 e6 6. Bd3 Be7 7. O-O g5 8. Qe2
g4 9. Ne1 g3 10. h3 Rg8 11. Bxe4 dxe4 12. Qb5+ Nd7 13. Qxb7 Nf6 14. Qc6+ Kf8
15. c4 Rb8 16. Qa4 Ra8 17. Nc2 c5 18. Qb3 cxd4 19. Nxd4 Qc7 20. Qc2 Bc5 21.
N2b3 Bb6 22. c5 Ba5 23. Nxa5 Qxa5 24. Bd2 Qc7 25. b4 Rb8 26. a4 Nd5 27. b5 Kg7
28. c6 Rgc8 29. Qb2 a6 30. Nxe6+ 1-0

[Event "Mädchen-Grand-Prix Finale 2017"]
[Site "Erfurt GER"]
[Date "2017.08.05"]
[Round "3"]
[White "Petzold, Annika"]
[Black "Tornay, Haizea"]
[Result "0-1"]
[Termination "normal"]
[Board "5"]
[WhiteElo "1487"]
[BlackElo "1320"]
[PlyCount "96"]
[WhiteFideId "16241673"]
[BlackFideId "16205758"]
[EventCountry "GER"]
[EventRounds "5"]
[EventType "round robin"]
[EventDate "2017.08.04"]

1. c4 Nf6 2. Nc3 g6 3. Nf3 Bg7 4. d4 O-O 5. e4 d6 6. Bd3 Nbd7 7. h4 e5 8. Be3
Re8 9. Qd2 exd4 10. Nxd4 Nc5 11. f3 a5 12. g4 a4 13. h5 Nxd3+ 14. Qxd3 Nd7 15.
hxg6 fxg6 16. O-O-O Ne5 17. Qe2 a3 18. b3 c5 19. Ndb5 Qa5 20. Kc2 Nf7 21. Bd2
Bd7 22. Qh2 h6 23. Nxd6 Nxd6 24. Qxd6 Red8 25. Qxg6 Be8 26. Nd5 Qxd2+ 27. Rxd2
Bxg6 28. Re2 Rf8 29. f4 Rae8 30. Kd2 Rxe4 31. f5 Rxe2+ 32. Kxe2 Re8+ 33. Kf3
Bf7 34. Kf4 Re2 35. g5 hxg5+ 36. Kxg5 Rxa2 37. f6 Rg2+ 38. Kf5 Rf2+ 39. Kg5
Bxd5 40. cxd5 Rxf6 41. Rh2 Rd6 42. Rg2 Bb2 43. Kf4+ Kf7 44. Ke4 a2 45. Rxb2
a1=Q 46. Rf2+ Ke7 47. Rd2 Qe1+ 48. Kd3 Rxd5+ 0-1

[Event "Mädchen-Grand-Prix Finale 2017"]
[Site "Erfurt GER"]
[Date "2017.08.05"]
[Round "3"]
[White "Goetz, Fenja"]
[Black "Evering, Enna"]
[Result "1/2-1/2"]
[Termination "normal"]
[Board "6"]
[WhiteElo "1050"]
[BlackElo "1337"]
[PlyCount "73"]
[WhiteFideId "16250516"]
[BlackFideId "16218213"]
[EventCountry "GER"]
[EventRounds "5"]
[EventType "round robin"]
[EventDate "2017.08.04"]

1. e4 e5 2. Nf3 Nc6 3. d4 exd4 4. Bc4 Nf6 5. e5 Qe7 6. O-O Ng8 7. Re1 Qc5 8.
Bb3 b6 9. Bf4 Bb7 10. a3 Nge7 11. Qd3 Nd5 12. Bg3 O-O-O 13. Ba2 a5 14. Nbd2 g6
15. Ne4 Ncb4 16. axb4 Qxb4 17. Nxd4 Bg7 18. Bb3 f5 19. exf6 Nxf6 20. Nxf6 Bxf6
21. c3 Qc5 22. Nf3 Rhf8 23. Ra4 Bc6 24. Rc4 Qb5 25. Ba4 Qxb2 26. Bxc6 dxc6 27.
Qf1 c5 28. Be5 Kb7 29. Bxf6 Rxf6 30. h3 Ra8 31. Rb1 Qc2 32. Qd1 Qxd1+ 33. Rxd1
a4 34. Ra1 a3 35. Ra2 Kc6 36. Kf1 Re6 37. Nd2 1/2-1/2

[Event "Mädchen-Grand-Prix Finale 2017"]
[Site "Erfurt GER"]
[Date "2017.08.05"]
[Round "3"]
[White "Komp, Mona Philine"]
[Black "Roncea, Andreea-Alexandra"]
[Result "0-1"]
[Termination "normal"]
[Board "7"]
[WhiteElo "1089"]
[BlackElo "1361"]
[PlyCount "112"]
[BlackFideId "16233115"]
[EventCountry "GER"]
[EventRounds "5"]
[EventType "round robin"]
[EventDate "2017.08.04"]

1. e4 e5 2. Nf3 Nc6 3. Bc4 Bc5 4. d3 Nf6 5. Bg5 d6 6. c3 O-O 7. O-O h6 8. Be3
Bxe3 9. fxe3 a6 10. Nbd2 Na5 11. Nh4 Nxc4 12. Nxc4 Nxe4 13. Nf5 Bxf5 14. Rxf5
Nf6 15. Qf3 b5 16. Nd2 Qd7 17. Rf1 Qe6 18. b3 Nh7 19. Ne4 g6 20. Qg3 Kh8 21.
R5f3 f5 22. Nd2 Ng5 23. R3f2 Rg8 24. Nf3 Nxf3+ 25. Rxf3 e4 26. Rf4 exd3 27. Rd1
g5 28. Rd4 Qe5 29. Qh3 Kg7 30. R4xd3 g4 31. Qh5 Qf6 32. Rf1 Raf8 33. Rd5 Qxc3
34. Rdxf5 Qxe3+ 35. Kh1 Rxf5 36. Qxf5 Qe7 37. Qxg4+ Kh8 38. Qd4+ Qg7 39. Qxg7+
Kxg7 40. Rc1 c5 41. Rd1 Re8 42. Kg1 Re6 43. Kf2 Kf6 44. Kf3 c4 45. bxc4 bxc4
46. g4 Ke5 47. h4 c3 48. Ke3 d5 49. Kd3 d4 50. g5 hxg5 51. hxg5 Kd5 52. Rf1
Re3+ 53. Kc2 Re2+ 54. Kc1 d3 55. g6 Rxa2 56. Rg1 Ra1# 0-1

[Event "Mädchen-Grand-Prix Finale 2017"]
[Site "Erfurt GER"]
[Date "2017.08.05"]
[Round "3"]
[White "Cwiklinski, Lena"]
[Black "Irrgang, Natascha"]
[Result "1-0"]
[Termination "normal"]
[Board "8"]
[WhiteElo "880"]
[BlackElo "1275"]
[PlyCount "155"]
[BlackFideId "16257545"]
[EventCountry "GER"]
[EventRounds "5"]
[EventType "round robin"]
[EventDate "2017.08.04"]

1. e4 e5 2. Nf3 Nc6 3. Bc4 Nf6 4. Nc3 Nxe4 5. Nxe4 d5 6. Bd3 dxe4 7. Bxe4 Bd7
8. d4 Bg4 9. d5 f5 10. dxc6 Qxd1+ 11. Kxd1 fxe4 12. h3 Bxf3+ 13. gxf3 exf3 14.
Re1 O-O-O+ 15. Bd2 Bd6 16. Kc1 bxc6 17. Re3 g5 18. Rxf3 h5 19. Bxg5 Rde8 20.
Kd2 e4 21. Re3 Rhg8 22. Rg1 Bf4 23. h4 Bxe3+ 24. fxe3 Rd8+ 25. Kc1 Rdf8 26. Rd1
Rf5 27. Rd4 Rd5 28. Rxe4 Rf8 29. b3 Kb7 30. Re7 Rf1+ 31. Kb2 Rfd1 32. e4 Kc8
33. exd5 Rxd5 34. Bf4 Kd8 35. Re6 Kd7 36. Rh6 Rf5 37. Be3 a6 38. Rh7+ Kd6 39.
Bg5 c5 40. Rxh5 Rf1 41. Rh7 Rh1 42. Bf4+ Kd5 43. Bxc7 Kc6 44. Be5 Kb5 45. Bf6
Rh3 46. a4+ Kb6 47. h5 Rh1 48. Bg5 Rh3 49. h6 Rh5 50. Bf6 Rh3 51. Rh8 Rh5 52.
Bg7 Ka7 53. b4 cxb4 54. Re8 a5 55. Re6 Rh3 56. Re7+ Kb6 57. Bd4+ Kc6 58. h7 Kd6
59. Ra7 Kc6 60. h8=Q Rxh8 61. Bxh8 Kb6 62. Rf7 Kc6 63. Kb3 Kd5 64. c3 bxc3 65.
Bxc3 Kc5 66. Bxa5 Kd5 67. Rc7 Kd6 68. Rc4 Kd5 69. Bd2 Ke5 70. a5 Kd5 71. a6 Kd6
72. a7 Ke5 73. a8=Q Kd6 74. Qa5 Ke6 75. Rc6+ Kd7 76. Rb6 Kc7 77. Qa7+ Kc8 78.
Rb8# 1-0

[Event "Mädchen-Grand-Prix Finale 2017"]
[Site "Erfurt GER"]
[Date "2017.08.05"]
[Round "3"]
[White "Adelmeyer, Nelly"]
[Black "Cwiklinski, Katja"]
[Result "1-0"]
[Termination "normal"]
[Board "9"]
[WhiteElo "1151"]
[BlackElo "811"]
[PlyCount "77"]
[WhiteFideId "16203577"]
[EventCountry "GER"]
[EventRounds "5"]
[EventType "round robin"]
[EventDate "2017.08.04"]

1. e4 e5 2. Nf3 Nc6 3. d4 exd4 4. Nxd4 Nf6 5. Nc3 Bb4 6. f3 h6 7. Nf5 O-O 8.
Bd2 d6 9. Ng3 Be6 10. Be2 d5 11. exd5 Nxd5 12. O-O Nxc3 13. Bxc3 Bc5+ 14. Kh1
Qh4 15. Ne4 Be3 16. Qd3 Bf4 17. g3 Bxg3 18. Nxg3 f5 19. Rg1 Rad8 20. Qb5 Nd4
21. Qe5 Rd5 22. Qxc7 Rd7 23. Qa5 f4 24. Bb5 Rd5 25. Bxd4 Rxd4 26. Ne2 Rd6 27.
Qc7 g5 28. Qxd6 Rf6 29. Qe7 Rg6 30. Bd3 Bd5 31. Qd8+ Kg7 32. Qxd5 Rf6 33. Qe5
Qh5 34. Nxf4 Qxf3+ 35. Ng2 g4 36. Rgf1 Qh3 37. Rxf6 g3 38. Qe7+ Kg8 39. Rf8#
1-0

[Event "Mädchen-Grand-Prix Finale 2017"]
[Site "Erfurt GER"]
[Date "2017.08.05"]
[Round "3"]
[White "Jünk, Ellen"]
[Black "Lorenz, Keana"]
[Result "0-1"]
[Termination "normal"]
[Board "10"]
[WhiteElo "1416"]
[BlackElo "1290"]
[PlyCount "84"]
[WhiteFideId "16206487"]
[BlackFideId "12990248"]
[EventCountry "GER"]
[EventRounds "5"]
[EventType "round robin"]
[EventDate "2017.08.04"]

1. e4 c5 2. Nf3 Nc6 3. d4 cxd4 4. Nxd4 Nf6 5. Nc3 g6 6. Be3 Bg7 7. f3 O-O 8.
Qd2 e6 9. O-O-O d5 10. Nxc6 bxc6 11. e5 Nd7 12. f4 c5 13. Ne2 d4 14. Bf2 Rb8
15. g4 Qb6 16. b3 Qa6 17. Kb2 Qb6 18. h4 a5 19. a4 Qb7 20. Bh3 c4 21. Nxd4 cxb3
22. cxb3 Nc5 23. Nb5 Ne4 24. Qe3 Bd7 25. Rxd7 Qxd7 26. Qxe4 Qd2+ 27. Qc2 Qxf4
28. Ka3 Qb4+ 29. Ka2 Bxe5 30. Be1 Qf4 31. Bxa5 Rbc8 32. Qe2 Rc5 33. Bd2 Rc2+
34. Ka3 Rxd2 35. Qe1 Bb2+ 36. Ka2 Bc1+ 37. Kb1 Rb2+ 38. Ka1 Rc8 39. Nc3 Bd2 40.
Ne2 Qe5 41. Qd1 Rxb3+ 42. Ka2 Qb2# 0-1

[Event "Mädchen-Grand-Prix Finale 2017"]
[Site "Erfurt GER"]
[Date "2017.08.05"]
[Round "3"]
[White "Buchholz, Maja"]
[Black "Alferova, Emily"]
[Result "1-0"]
[Termination "normal"]
[Board "11"]
[WhiteElo "1107"]
[BlackElo "1158"]
[PlyCount "121"]
[WhiteFideId "16200500"]
[BlackFideId "16265904"]
[EventCountry "GER"]
[EventRounds "5"]
[EventType "round robin"]
[EventDate "2017.08.04"]

1. c4 c5 2. Nf3 Nc6 3. g3 Nf6 4. Bg2 d6 5. Nc3 Bd7 6. O-O Qc8 7. Qb3 Rb8 8. Re1
Bh3 9. Bh1 h6 10. d3 Nd4 11. Nxd4 cxd4 12. Nd5 Ng4 13. Qa4+ Qd7 14. Qxa7 Rd8
15. Qb6 Rc8 16. Qxd4 e5 17. Qb6 Be7 18. Nxe7 Qxe7 19. Qxb7 Qxb7 20. Bxb7 Rc7
21. Bg2 Bxg2 22. Kxg2 Re7 23. b4 O-O 24. Bd2 f5 25. a4 f4 26. gxf4 exf4 27.
Bxf4 Rxf4 28. f3 Ne3+ 29. Kg3 g5 30. Ra2 Nf5+ 31. Kf2 h5 32. a5 h4 33. e3 Nxe3
34. Rxe3 Rg7 35. a6 g4 36. a7 g3+ 37. hxg3 hxg3+ 38. Kg2 Rh4 39. a8=Q+ Kh7 40.
Qe4+ Rxe4 41. Rxe4 d5 42. cxd5 Rd7 43. Rd4 Kg6 44. Kxg3 Kf5 45. f4 Kf6 46. Rb2
Rg7+ 47. Kf3 Rh7 48. b5 Rh3+ 49. Ke4 Rh1 50. b6 Re1+ 51. Kf3 Rf1+ 52. Kg2 Ra1
53. b7 Ra8 54. bxa8=Q Kf5 55. Kf3 Kf6 56. Rb5 Kf5 57. d6+ Ke6 58. Re4+ Kxd6 59.
Qa6+ Kc7 60. Rb7+ Kc8 61. Re8# 1-0

[Event "Mädchen-Grand-Prix Finale 2017"]
[Site "Erfurt GER"]
[Date "2017.08.06"]
[Round "4"]
[White "Reuter, Elisa"]
[Black "Erofeev, Anastasia"]
[Result "1/2-1/2"]
[Termination "normal"]
[Board "1"]
[WhiteElo "1648"]
[BlackElo "1968"]
[PlyCount "53"]
[WhiteFideId "12995444"]
[BlackFideId "12917915"]
[EventCountry "GER"]
[EventRounds "5"]
[EventType "round robin"]
[EventDate "2017.08.04"]

1. e4 e5 2. Nf3 Nc6 3. Bc4 Bc5 4. c3 Nf6 5. d3 d6 6. O-O h6 7. Nbd2 O-O 8. Bb3
Be6 9. Re1 Bb6 10. Nf1 Re8 11. Ba4 Bd7 12. h3 Ne7 13. Bxd7 Qxd7 14. Ng3 Ng6 15.
d4 Rad8 16. d5 c6 17. c4 Rc8 18. Be3 Bxe3 19. Rxe3 cxd5 20. cxd5 Rc5 21. Rc3
Rec8 22. Rac1 Qb5 23. Rxc5 Rxc5 24. Rxc5 Qxc5 25. Qd2 Nf4 26. b3 g6 27. Qe3
1/2-1/2

[Event "Mädchen-Grand-Prix Finale 2017"]
[Site "Erfurt GER"]
[Date "2017.08.06"]
[Round "4"]
[White "Habersetzer, Elyse"]
[Black "Ziegenfuß, Larissa"]
[Result "1-0"]
[Termination "normal"]
[Board "2"]
[WhiteElo "1631"]
[BlackElo "1694"]
[PlyCount "55"]
[WhiteFideId "16222288"]
[BlackFideId "12974722"]
[EventCountry "GER"]
[EventRounds "5"]
[EventType "round robin"]
[EventDate "2017.08.04"]

1. d4 Nf6 2. e3 e6 3. f4 b6 4. Nf3 Bb7 5. Bd3 d5 6. O-O Be7 7. Bd2 O-O 8. Be1
Nbd7 9. Ne5 c5 10. c3 Re8 11. Bb5 a6 12. Bd3 b5 13. Nd2 Nf8 14. Rf3 Ng6 15. Rh3
Qc7 16. Ndf3 Ne4 17. Nd2 Nxe5 18. fxe5 g6 19. Bh4 Nxd2 20. Qxd2 c4 21. Bc2 Kg7
22. e4 Bxh4 23. Rxh4 Rh8 24. Rf1 Raf8 25. Qh6+ Kg8 26. exd5 Qe7 27. d6 Qd8 28.
Rg4 1-0

[Event "Mädchen-Grand-Prix Finale 2017"]
[Site "Erfurt GER"]
[Date "2017.08.06"]
[Round "4"]
[White "Mundt, Alexandra"]
[Black "Cwiklinski, Lena"]
[Result "1-0"]
[Termination "normal"]
[Board "3"]
[WhiteElo "1563"]
[BlackElo "880"]
[PlyCount "89"]
[WhiteFideId "16217276"]
[EventCountry "GER"]
[EventRounds "5"]
[EventType "round robin"]
[EventDate "2017.08.04"]

1. e4 e5 2. Nc3 Nf6 3. f4 Nc6 4. Nf3 d5 5. exd5 e4 6. dxc6 exf3 7. Qxf3 Bg4 8.
Qe3+ Qe7 9. Qxe7+ Bxe7 10. cxb7 Rb8 11. Ba6 O-O 12. d4 Bb4 13. O-O Rfd8 14. Be3
Rd6 15. Bd3 Rxb7 16. f5 Ba5 17. h3 Bh5 18. Rab1 Bb6 19. Ne4 Nxe4 20. Bxe4 Rb8
21. c3 Re8 22. Bf4 Rd7 23. Bc6 Ree7 24. Bxd7 Rxd7 25. g4 c5 26. Rfe1 h6 27.
dxc5 Bxc5+ 28. Kf1 g5 29. Be3 Bd6 30. Red1 Re7 31. Bxa7 Bf4 32. Bd4 f6 33. gxh5
Rb7 34. c4 Rc7 35. c5 Rc8 36. b4 Bc7 37. b5 Bd8 38. b6 Rb8 39. c6 Rc8 40. b7
Rb8 41. Ba7 Bc7 42. Bxb8 Bxb8 43. Rd8+ Kg7 44. Rbd1 Bc7 45. R1d7# 1-0

[Event "Mädchen-Grand-Prix Finale 2017"]
[Site "Erfurt GER"]
[Date "2017.08.06"]
[Round "4"]
[White "Tornay, Haizea"]
[Black "Alferova, Ekaterina"]
[Result "0-1"]
[Termination "normal"]
[Board "4"]
[WhiteElo "1320"]
[BlackElo "1515"]
[PlyCount "70"]
[WhiteFideId "16205758"]
[BlackFideId "16217250"]
[EventCountry "GER"]
[EventRounds "5"]
[EventType "round robin"]
[EventDate "2017.08.04"]

1. e4 d6 2. d4 Nf6 3. Nc3 g6 4. Nf3 Bg7 5. Bc4 O-O 6. h3 c6 7. Bb3 a6 8. a4
Nbd7 9. O-O Ne8 10. Bg5 Nc7 11. Qd2 Rb8 12. Bh6 b5 13. a5 Bb7 14. Bxg7 Kxg7 15.
Ng5 c5 16. Nxf7 Rxf7 17. Bxf7 Kxf7 18. Qf4+ Kg7 19. d5 Qf8 20. Qg4 Nf6 21. Qg5
b4 22. Na4 Nxe4 23. Qe3 Nf6 24. c4 bxc3 25. Nxc3 Ncxd5 26. Nxd5 Bxd5 27. Rfe1
Kf7 28. Qf4 Rxb2 29. g4 Rb4 30. Qd2 Rd4 31. Qe2 Re4 32. Qxa6 Rxe1+ 33. Rxe1 Ne4
34. Re3 Kg8 35. Qa7 Qxf2+ 0-1

[Event "Mädchen-Grand-Prix Finale 2017"]
[Site "Erfurt GER"]
[Date "2017.08.06"]
[Round "4"]
[White "Lorenz, Anouk"]
[Black "Roncea, Andreea-Alexandra"]
[Result "0-1"]
[Termination "normal"]
[Board "5"]
[WhiteElo "1287"]
[BlackElo "1361"]
[PlyCount "118"]
[WhiteFideId "12990256"]
[BlackFideId "16233115"]
[EventCountry "GER"]
[EventRounds "5"]
[EventType "round robin"]
[EventDate "2017.08.04"]

1. e4 e5 2. Nf3 Nc6 3. Bc4 Bc5 4. d4 exd4 5. Ng5 Nh6 6. Nxf7 Nxf7 7. Bxf7+ Kxf7
8. Qh5+ g6 9. Qxc5 d6 10. Qc4+ Be6 11. Qe2 Kg7 12. O-O Ne5 13. b3 c5 14. f4 Nc6
15. f5 Bf7 16. c3 dxc3 17. Nxc3 Nd4 18. Qd2 h6 19. Bb2 Qg5 20. Qd3 a6 21. Ne2
Kh7 22. Nxd4 cxd4 23. Bxd4 Rhe8 24. Rf3 Qe7 25. Re3 Rac8 26. Rae1 Qc7 27. R3e2
gxf5 28. exf5 Rxe2 29. Rxe2 Qc1+ 30. Kf2 Qf4+ 31. Qf3 Qxd4+ 32. Re3 Rc3 33. Ke2
Rxe3+ 34. Qxe3 Qxe3+ 35. Kxe3 Kg7 36. g4 Kf6 37. Kf4 d5 38. h4 b6 39. a3 d4 40.
Ke4 Bxb3 41. Kxd4 Bd1 42. g5+ hxg5 43. hxg5+ Kxf5 44. Kd5 Bf3+ 45. Kd6 a5 46.
Kc7 b5 47. Kb6 b4 48. g6 Kxg6 49. axb4 axb4 50. Kc5 b3 51. Kd4 b2 52. Ke3 b1=Q
53. Kd4 Qb5 54. Kc3 Be4 55. Kd4 Qd5+ 56. Ke3 Bf5 57. Kf4 Qe4+ 58. Kg3 Qe3+ 59.
Kh2 Bh3 0-1

[Event "Mädchen-Grand-Prix Finale 2017"]
[Site "Erfurt GER"]
[Date "2017.08.06"]
[Round "4"]
[White "Evering, Enna"]
[Black "Petzold, Annika"]
[Result "0-1"]
[Termination "normal"]
[Board "7"]
[WhiteElo "1337"]
[BlackElo "1487"]
[PlyCount "42"]
[WhiteFideId "16218213"]
[BlackFideId "16241673"]
[EventCountry "GER"]
[EventRounds "5"]
[EventType "round robin"]
[EventDate "2017.08.04"]

1. e4 d6 2. d4 Nf6 3. Nc3 g6 4. f4 Bg7 5. e5 Nfd7 6. Nf3 c5 7. exd6 exd6 8.
Qe2+ Kf8 9. dxc5 Bxc3+ 10. bxc3 Nxc5 11. Ba3 Kg7 12. Kf2 Re8 13. Qc4 Ne4+ 14.
Kg1 Nc6 15. Nd4 Qf6 16. Ne2 Qe7 17. Re1 Nf2 18. Bxd6 Qe3 19. Be5+ Rxe5 20. g3
Ne4+ 21. Kg2 Qf2# 0-1

[Event "Mädchen-Grand-Prix Finale 2017"]
[Site "Erfurt GER"]
[Date "2017.08.06"]
[Round "4"]
[White "Evering, Kira"]
[Black "Buchholz, Maja"]
[Result "1-0"]
[Termination "normal"]
[Board "8"]
[WhiteElo "1278"]
[BlackElo "1107"]
[PlyCount "123"]
[WhiteFideId "16218221"]
[BlackFideId "16200500"]
[EventCountry "GER"]
[EventRounds "5"]
[EventType "round robin"]
[EventDate "2017.08.04"]

1. e4 c5 2. Nf3 d6 3. d4 cxd4 4. Nxd4 Nf6 5. Nc3 g6 6. Be3 Bg7 7. Qd2 Bd7 8.
Bc4 Qc7 9. Be2 Nc6 10. Nxc6 Bxc6 11. Nd5 Qd7 12. Nxf6+ Bxf6 13. Bd4 Qe6 14.
Bxf6 Qxf6 15. c3 a6 16. f3 Qe5 17. Qd4 Qxd4 18. cxd4 Rc8 19. O-O b5 20. b4 Bb7
21. a4 Rc2 22. Bd3 Rd2 23. Rfd1 Rb2 24. axb5 Rxb4 25. bxa6 Ba8 26. Rdc1 O-O 27.
d5 Rd4 28. Bb5 e6 29. Rc4 Rd2 30. dxe6 fxe6 31. a7 Rd8 32. Bc6 Rb2 33. Bxa8
Rxa8 34. Rc6 d5 35. Rxe6 d4 36. Rd6 Rb4 37. h3 Kf7 38. Kf2 Rb2+ 39. Ke1 Rb4 40.
g4 Ke7 41. Rd5 Ke6 42. Kd2 Rb7 43. Ra6+ Ke7 44. Re5+ Kf7 45. Rd6 Raxa7 46. Rxd4
Rb2+ 47. Ke3 Rh2 48. Red5 Rxh3 49. Rd7+ Rxd7 50. Rxd7+ Kg8 51. Kf4 h6 52. g5 h5
53. e5 Rh4+ 54. Kg3 Rc4 55. e6 Rc6 56. Rd8+ Kg7 57. e7 h4+ 58. Kxh4 Rc4+ 59.
Kg3 Rg4+ 60. Kxg4 Kh7 61. e8=Q Kg7 62. Qg8# 1-0

[Event "Mädchen-Grand-Prix Finale 2017"]
[Site "Erfurt GER"]
[Date "2017.08.06"]
[Round "4"]
[White "Lorenz, Keana"]
[Black "Komp, Mona Philine"]
[Result "1-0"]
[Termination "normal"]
[Board "9"]
[WhiteElo "1290"]
[BlackElo "1089"]
[PlyCount "87"]
[WhiteFideId "12990248"]
[EventCountry "GER"]
[EventRounds "5"]
[EventType "round robin"]
[EventDate "2017.08.04"]

1. e4 e5 2. Nf3 Nc6 3. Bc4 Nf6 4. Ng5 d5 5. exd5 Nxd5 6. d3 Bc5 7. Nc3 Be6 8.
Qf3 O-O 9. Nxd5 Nd4 10. Qe4 g6 11. O-O Nxc2 12. Rb1 Nd4 13. Nf3 c6 14. Nc3 Qf6
15. Nxe5 Bf5 16. Ng4 Qg7 17. Bh6 Bxe4 18. Bxg7 Kxg7 19. Nxe4 Be7 20. f4 f5 21.
Ne3 fxe4 22. dxe4 Bc5 23. Kh1 Rad8 24. b4 Bb6 25. a4 Ne2 26. Bxe2 Bxe3 27. g3
Rd4 28. e5 Rfd8 29. Rf3 Re4 30. Rb3 Bd2 31. Bd3 Re1+ 32. Kg2 a6 33. b5 cxb5 34.
axb5 a5 35. Rb2 Bb4 36. Bc4 b6 37. e6 Kf6 38. Kf2 Re4 39. Re3 Rxc4 40. Rbe2 Re8
41. Kf3 Rc5 42. g4 Rxb5 43. g5+ Kf5 44. Re5+ 1-0

[Event "Mädchen-Grand-Prix Finale 2017"]
[Site "Erfurt GER"]
[Date "2017.08.06"]
[Round "4"]
[White "Irrgang, Natascha"]
[Black "Jünk, Ellen"]
[Result "0-1"]
[Termination "normal"]
[Board "10"]
[WhiteElo "1275"]
[BlackElo "1416"]
[PlyCount "106"]
[WhiteFideId "16257545"]
[BlackFideId "16206487"]
[EventCountry "GER"]
[EventRounds "5"]
[EventType "round robin"]
[EventDate "2017.08.04"]

1. e4 e5 2. d4 exd4 3. Qxd4 Nc6 4. Qe3 Nge7 5. Nc3 g6 6. Bd2 Bg7 7. Be2 d6 8.
a3 Be6 9. O-O-O a6 10. Qg3 b5 11. f4 f5 12. e5 d5 13. h4 Nd4 14. Be3 Nxe2+ 15.
Ngxe2 c6 16. Nd4 Bf7 17. Rhe1 c5 18. Nf3 d4 19. Ne2 Qb6 20. Bf2 a5 21. h5 a4
22. Ng5 b4 23. Nxf7 Kxf7 24. e6+ Qxe6 25. hxg6+ Qxg6 26. Qxg6+ hxg6 27. Ng3
bxa3 28. bxa3 Rh2 29. Rg1 Nd5 30. Ne2 Rhh8 31. Rde1 Bh6 32. g3 Rab8 33. Ref1
Rb5 34. c4 dxc3 35. Be1 Rb3 36. Rf3 Rhb8 37. Nxc3 Nxc3 38. Bxc3 Rb1+ 39. Kd2
Rxg1 40. Be5 Rd8+ 41. Ke2 Re8 42. Kf2 Rb1 43. Rc3 Rb2+ 44. Ke1 Rb5 45. Kf2 Bg7
46. Bxg7 Kxg7 47. Kf3 Rb3 48. Rxb3 axb3 49. a4 b2 50. a5 b1=Q 51. g4 Qb3+ 52.
Kg2 Re2+ 53. Kf1 Qd1# 0-1

[Event "Mädchen-Grand-Prix Finale 2017"]
[Site "Erfurt GER"]
[Date "2017.08.06"]
[Round "4"]
[White "Cwiklinski, Katja"]
[Black "Alferova, Emily"]
[Result "0-1"]
[Termination "normal"]
[Board "11"]
[WhiteElo "811"]
[BlackElo "1158"]
[PlyCount "106"]
[BlackFideId "16265904"]
[EventCountry "GER"]
[EventRounds "5"]
[EventType "round robin"]
[EventDate "2017.08.04"]

1. e4 e5 2. Nf3 Nc6 3. Bb5 Nf6 4. Nc3 a6 5. Ba4 b5 6. Bb3 Bc5 7. d3 h6 8. O-O
d6 9. h3 O-O 10. Nd5 a5 11. a4 b4 12. c3 bxc3 13. bxc3 Ba6 14. Be3 Ba7 15. Re1
Rb8 16. Rb1 Rb7 17. d4 exd4 18. Bxd4 Nxd4 19. cxd4 Nxd5 20. Bxd5 Rxb1 21. Qxb1
Qd7 22. Qb3 c6 23. Bc4 Rb8 24. Qc3 Bxc4 25. Qxc4 Rb4 26. Qa2 Bxd4 27. Nxd4 Rxd4
28. e5 dxe5 29. Rxe5 Rd1+ 30. Kh2 Qd6 31. Qb2 f6 32. Qb3+ Kh8 33. f4 fxe5 34.
Qe3 Rd5 35. Qe4 Qb4 36. Qf5 Qxf4+ 37. Qxf4 exf4 38. h4 c5 39. g3 f3 40. Kg1 Rf5
41. g4 Rf4 42. Kf2 c4 43. h5 c3 44. Kg3 f2 45. Kxf4 f1=Q+ 46. Ke5 c2 47. g5
c1=R 48. g6 Qe2+ 49. Kd6 Rd1+ 50. Kc5 Qc2+ 51. Kb6 Rb1+ 52. Kxa5 Qc5+ 53. Ka6
Qb6# 0-1